01530nam a2200325 4500003000900000005001700009008004100026040004600067041000800113082002900121092000700150099003700157100005600194245016600250264006700416300003300483336002200516337002400538338003300562546004100595650003200636650003000668700003800698856005700736905001300793942001900806999001700825952018100842952018101023EG-GICUC20260121101220.0251113s1990 ua ||||fr|||| 00| 0 ara d a EG-GICUCbarac EG-GICUCd EG-GICUCerda0 aara04221a341.84bف ؤ . ا04221 aLaw1 12 341.84 ف ؤ . ا 19900 aفؤاد عبدالمنعم رياضeمؤلف.10a اصول تنازع القوانين وتنازع الاختصاص القضائي الدولي /cفؤاد عبدالمنعم رياض،سامية راشد. a القاهرة :bدار النهضة العربية،c1990. a366 ؛ صفحةb c24 سم. 2rda contentatext 2rda mediaaComputer 2rda carrieraOnline Resource aالنص باللغة العربية aتنازع القوانين aالقضاء الدولي0 aسامية راشد eمؤلف.40uhttps://fll.law.cu.edu.eg/fulltext/bks/B12-01217.pdf a75eYara 2ddcn0cBKe21 c43185d43185 00102ddc40718القانون الدولي الخاصaCUbLAW1d2025-11-13l0oLaw1 12 341.84 ف ؤ . ا 1990 1201217 C1pB12-01217r2025-11-13 18:25:00t1w2025-11-13yBK 00102ddc40708القانون الدولي الخاصaCUbLAW1d2025-11-15l0oLaw1 12 341.84 ف ؤ . ا 1990 1201230 C2pB12-01230r2025-11-15 13:59:17t2w2025-11-15yBK